| 000 | 00812nas a2200253 4500 | ||
|---|---|---|---|
| 001 | BR2016004961 | ||
| 003 | BR-BrBNA | ||
| 005 | 20231205130727.0 | ||
| 007 | ta | ||
| 008 | 230509b bl.|||p| |||| 00| 00por d | ||
| 040 |
_aBR-BrBNA _bpor _cBiblioteca Nacional de Agricultura |
||
| 041 | _a(Pt) | ||
| 072 | _aL01 | ||
| 100 | 1 | _aBarth, O.M. | |
| 100 | 1 | _aFreitas, A. da S. de | |
| 245 | 1 | _aAnálise palinológica de geoprópolis do Brasil, da Bolívia e Venezuela: uma revisão | |
| 650 | _aABELHA | ||
| 650 | _aVEGETAÇÃO | ||
| 650 | _aPRÓPOLIS | ||
| 773 | 0 |
_tMagistra (Brazil) _xISSN 2236-4420 _g(Apr-Jun 2015), v. 27(2) p. 263-268 _wBR2016004961 |
|
| 856 | 4 | 0 | _uhttp://www2.ufrb.edu.br/magistra/documentos/category/10?download=13 |
| 909 |
_a202311 _bLúcia _c55 _dLúcia Elande |
||
| 942 |
_2AGRIS _n0 _cANA |
||
| 999 |
_c250883 _d250883 |
||